|
|
|
|
| LEADER |
00000cam a2200000 a 4500 |
| 001 |
vtls001114522 |
| 003 |
SK-MaSNL |
| 005 |
20260301183136.0 |
| 008 |
250414s1979 xo gr 0000m hun |
| 015 |
|
|
|a SNBA1979/01
|
| 020 |
|
|
|q (viaz.)
|
| 035 |
|
|
|a SNK000057365
|
| 040 |
|
|
|a SNK
|b slo
|c SNK
|e AACR2
|
| 041 |
0 |
|
|a hun
|a slo
|
| 044 |
|
|
|a xo
|c SK
|
| 072 |
|
7 |
|a 821.511.1
|x Ugrofínske literatúry
|2 konspekt
|
| 080 |
|
|
|a 894.511-1=945.11
|2 1981
|
| 080 |
|
|
|a 82-3"13/15"
|2 2001
|
| 080 |
|
|
|a 82-2"13/15"
|2 2001
|
| 080 |
|
|
|a 821.511.141-1
|2 2011
|
| 080 |
|
|
|a (0:82-2)
|2 2011
|
| 080 |
|
|
|a (082.2)
|2 2011
|
| 080 |
|
|
|a 82-1(081.1)
|2 2011
|
| 100 |
1 |
|
|a Balassi, Bálint,
|d 1554-1594
|4 aut
|9 104470
|
| 245 |
1 |
0 |
|a Balassi Bálint és a 16. század költői
|n 1
|b Balassi Bálint összes versei és srép magyar comoediája
|c Bálint Balassi ; Béla Varjas
|
| 246 |
1 |
1 |
|a Balassi Bálint a básnici 16. storočia
|
| 260 |
|
|
|a Bratislava
|b Madách
|c 1979
|
| 300 |
|
|
|a 972 s.
|c 18 cm
|
| 366 |
|
|
|e 550 výtl.
|
| 490 |
1 |
|
|a Magyar remekírók
|
| 500 |
|
|
|a Spoluvyd. Szépirodalmi Könyvkiadó, Budapest
|
| 546 |
|
|
|a Súbežný názov v slovenčine
|
| 648 |
|
7 |
|a 16. storočie
|2 SNKPH
|9 286292
|
| 650 |
0 |
7 |
|a renesančná poézia
|2 SNKPH
|9 106226
|
| 650 |
0 |
7 |
|a renesančná dráma
|2 SNKPH
|9 75331
|
| 655 |
|
7 |
|a maďarská poézia
|2 SNKPH
|9 70602
|
| 655 |
|
7 |
|a drámy
|2 SNKPH
|9 70553
|
| 655 |
|
7 |
|a antológie
|2 SNKPH
|9 70414
|
| 655 |
|
7 |
|a básnické zbierky
|2 SNKPH
|9 186372
|
| 700 |
1 |
|
|a Varjas, Béla,
|d 1911-1985
|4 com
|9 478895
|
| 830 |
|
0 |
|a Magyar remekírók
|9 497542
|
| 852 |
|
|
|a Slovenská národná knižnica
|
| 954 |
|
|
|a beletria cudzojazyčná (svetová)
|2 lita
|
| 958 |
|
|
|a LX
|
| 958 |
|
|
|a TL
|
| 958 |
|
|
|a HU
|
| 958 |
|
|
|a OND
|
| 999 |
|
|
|c 855987
|d 857917
|
| 952 |
|
|
|t P60, <04>, [BOOK]
|a SNK
|b SNK
|y VYP
|7 0
|p 17A0379195
|o snkSD 48925/1 D1
|i snkKSP 2524/79
|0 0
|1 0
|4 0
|d 2003-03-25
|l 0
|r 2004-12-31 00:00:00
|w 2026-02-24
|